Survey on diarrhea of during breast feeding piglet at oun sinat's farm, doeumtrang village, ornlongromiet commune, kandal steong district, kandal province, អង្កេតលើជំងឹរាកកូនជ្រូក ក្នុងកំឡុងពេលបៅដោះ នៅកសិដ្ឋាន អូន ស៊ីណាត ភូមិដើមត្រំាង ឃុំុអន្លង់រមៀត ស្រុកកណ្ដាលស្ទឹង ខេត្តកណ្ដាល (Record no. 7190)

000 -LEADER
fixed length control field 00893nam a22001337a 4500
040 ## - CATALOGING SOURCE
Transcribing agency RUA
082 ## - DEWEY DECIMAL CLASSIFICATION NUMBER
Classification number VEM HUN 2014 B440 Or.1
100 ## - MAIN ENTRY--AUTHOR NAME
Personal name HUN SOKHENG ; ហ៊ុន សុខហេង
245 ## - TITLE STATEMENT
Title Survey on diarrhea of during breast feeding piglet at oun sinat's farm, doeumtrang village, ornlongromiet commune, kandal steong district, kandal province, អង្កេតលើជំងឹរាកកូនជ្រូក ក្នុងកំឡុងពេលបៅដោះ នៅកសិដ្ឋាន អូន ស៊ីណាត ភូមិដើមត្រំាង ឃុំុអន្លង់រមៀត ស្រុកកណ្ដាលស្ទឹង ខេត្តកណ្ដាល
260 ## - PUBLICATION, DISTRIBUTION, ETC. (IMPRINT)
Place of publication Phnom Penh
Name of publisher RUA
Year of publication 2014
300 ## - PHYSICAL DESCRIPTION
Number of Pages x ;37p.
Other physical details ill.
Dimensions 29cm.
856 ## - ELECTRONIC LOCATION AND ACCESS
Uniform Resource Identifier https://drive.google.com/file/d/1cTlAZTcUK5OvqrrsOY1WVdKx0aj9jE_t/view?usp=sharing
942 ## - ADDED ENTRY ELEMENTS (KOHA)
Koha item type VEM
952 ## - LOCATION AND ITEM INFORMATION (KOHA)
Withdrawn status [LOCAL, KOHA] 0
952 ## - LOCATION AND ITEM INFORMATION (KOHA)
Withdrawn status [LOCAL, KOHA] 0
952 ## - LOCATION AND ITEM INFORMATION (KOHA)
Withdrawn status [LOCAL, KOHA] 0
952 ## - LOCATION AND ITEM INFORMATION (KOHA)
Withdrawn status [LOCAL, KOHA] 0
952 ## - LOCATION AND ITEM INFORMATION (KOHA)
Withdrawn status [LOCAL, KOHA] 0
952 ## - LOCATION AND ITEM INFORMATION (KOHA)
Withdrawn status [LOCAL, KOHA] 0
952 ## - LOCATION AND ITEM INFORMATION (KOHA)
Withdrawn status [LOCAL, KOHA] 0
952 ## - LOCATION AND ITEM INFORMATION (KOHA)
Withdrawn status [LOCAL, KOHA] 0
952 ## - LOCATION AND ITEM INFORMATION (KOHA)
Withdrawn status [LOCAL, KOHA] 0
952 ## - LOCATION AND ITEM INFORMATION (KOHA)
Withdrawn status [LOCAL, KOHA] 0
Holdings
Permanent Location Date acquired Koha item type Lost status Shelving location Barcode Current Location Full call number
Library Block B2016-02-29VEM B440RUA053271Library Block BVEM HUN 2014 B440 Or.1
Library Block B2016-02-29VEM B440RUA053326Library Block BVEM HUN 2014 B440 Or.2
Library Block B2016-02-29VEM B440RUA053387Library Block BVEM HUN 2014 B440 Or.3
Library Block B2016-02-29VEM B440RUA053076Library Block BVEM HUN 2014 B440 Or.4
Library Block B2016-02-29VEM B440RUA053210Library Block BVEM HUN 2014 B440 Or.5
Library Block B2016-02-29VEM B440RUA053073Library Block BVEM HUN 2014 B440 Or.6
Library Block B2016-02-29VEM B440RUA053134Library Block BVEM HUN 2014 B440 Or.7
Library Block B2016-02-29VEM B440RUA053256Library Block BVEM HUN 2014 B440 Or.8
Library Block B2021-11-23VEM B694a065944Library Block BVEM HUN 2014 B694 Or.1
Library Block B2021-11-23VEM B694a066784Library Block BVEM HUN 2014 B694 Or.1
មជ្ឈមណ្ឌលឯការនៃសាកលវិទ្យាល័យភូមិន្ទកសិកម្មចំការដូង

Powered by Koha